000 00685nam a22002417a 4500
001 137339
003 UA-OsUOA
005 20230114194102.0
007 ta
008 20190513b un ||||| |||| 00| 0 ukr d
040 _aUA-OsUOA
_brus
_cUA-OsUOA
_dUA-OsUOA
041 _arus
080 _a55
090 _a55
_bА67
100 _aАнисимов А. В.
245 _aИнформатика. Творчество. Рекурсия
260 _aК.
_bНаукова думка
_c1988
300 _a221 с.
650 7 _a5 Математика. Природничі науки
_2UDC
942 _cBK
_2udc
955 _a2
999 _c415829
_d415829